000 00670nam a2200277Ia 4500
005 20260324115027.0
008 008 260324s9999 xx 000 0 eng d
020 _a9780367809232
037 _aEBOOK
040 _aCRL
040 _beng
040 _cCRL
041 _2eng
041 _aeng
084 _qCRL
100 _aNikolai E. Korotkov; Alexander N. Korotkov
_91153085
245 0 _aIntegrals Related to the Error Function
260 _bTaylor and Francis
260 _c2020
365 _a
365 _b340
856 _uhttp://www.taylorfrancis.com/books/9780367809232
942 _cEBOOK
999 _c1743651
_d1743651